Návrh stratégie riadenia ľudských zdrojov v spoločnosti Ing. Ján Vašina, Banská Bystrica : Diplomová práca

Saved in:
Bibliographic Details
Main Author: Palárik, Štefan (Author)
Other Authors: Hajnik, Bartolomej, 1947- (xxx)
Format: Manuscript Book
Language:Slovak
Published: Trnava : STU v Bratislave MtF KMK, 1999
Subjects:
Tags: Add Tag
No Tags, Be the first to tag this record!

MARC

LEADER 00000ntm a22000003a 4500
001 stu53326
005 20160719155243.4
008 000427s1999----xo------------------slo-d
040 |a STU  |b slo 
041 0 |a slo 
044 |a xo 
100 1 |a Palárik, Štefan  |4 aut 
245 1 |a Návrh stratégie riadenia ľudských zdrojov v spoločnosti Ing. Ján Vašina, Banská Bystrica :  |b Diplomová práca 
260 |a Trnava :  |b STU v Bratislave MtF KMK,  |c 1999 
650 7 |a manažment priemyselných podnikov  |2 stusub 
650 7 |a manažment personálny  |2 stusub 
650 7 |a personalistika  |2 stusub 
700 1 |a Hajnik, Bartolomej,  |d 1947-  |4 xxx  |u M250  |T MTF Detašované pracovisko v Dubnici nad Váhom  |X 1514  |U M250  |Y M250  |7 A000001514